Winning land from the sea and losing land to the sea (Record no. 74404)

MARC details
000 -LEADER
fixed length control field 01355cab a2200241 4500
001 - CONTROL NUMBER
control field ABS67862
008 - FIXED-LENGTH DATA ELEMENTS--GENERAL INFORMATION
fixed length control field 040520n2004 000 0 eng u
035 ## - SYSTEM CONTROL NUMBER
System control number (Sirsi) u126249
100 ## - MAIN ENTRY--PERSONAL NAME
Personal name Samuels, A.
245 ## - TITLE STATEMENT
Title Winning land from the sea and losing land to the sea
260 ## - PUBLICATION, DISTRIBUTION, ETC.
Date of publication, distribution, etc. 2004
490 ## - SERIES STATEMENT
Series statement Journal of Planning and Environment Law
Volume/sequential designation June 2004, 692-696(5)
520 ## - SUMMARY, ETC.
Summary, etc. Examines the issue of accretion and erosion of land, particularly along the coasts and advises on the approach a surveyor should take if a client is considering acquiring land near to a body of water. In law, the land boundary along the coast moves with the sea, the land being a moveable freehold, expanding and contracting under the influence of nature; the best exposition of this law being found in "Southern Centre of Theosophy v State of Southern Australia" ([1979] 145 CLR 246). Current government policy is to allow nature to take its course. Outlines all the issues to be considered in this area, such as acts of man where deliberate reclamation needs agreement of the relevant foreshore owner.
590 ## - LOCAL NOTE (RLIN)
Local note ABS
650 ## - SUBJECT ADDED ENTRY--TOPICAL TERM
Topical term or geographic name entry element COASTAL AREAS
650 ## - SUBJECT ADDED ENTRY--TOPICAL TERM
Topical term or geographic name entry element EROSION
650 ## - SUBJECT ADDED ENTRY--TOPICAL TERM
Topical term or geographic name entry element ACCRETION
650 ## - SUBJECT ADDED ENTRY--TOPICAL TERM
Topical term or geographic name entry element COASTAL DEFENCES
650 ## - SUBJECT ADDED ENTRY--TOPICAL TERM
Topical term or geographic name entry element FLOODING
650 ## - SUBJECT ADDED ENTRY--TOPICAL TERM
Topical term or geographic name entry element SOUTHERN CENTRE OF THEOSOPHY V STATE OF SOUTHERN AUSTRALIA
690 ## - LOCAL SUBJECT ADDED ENTRY--TOPICAL TERM (OCLC, RLIN)
Topical term or geographic name as entry element PROPERTY
942 ## - ADDED ENTRY ELEMENTS (KOHA)
Suppress in OPAC 0
Holdings
Withdrawn status Lost status Source of classification or shelving scheme Damaged status Not for loan Home library Current library Shelving location Date acquired Total Checkouts Full call number Barcode Date last seen Copy number Price effective from Koha item type
    Dewey Decimal Classification     London London Journal article 20/05/2004   ABS67862 126249-1001 06/08/2019 1 06/08/2019 Journal article